000 01110cam a2200313 i 4500
001 53141
003 Mx-PuUPA
005 20250925123638.0
008 140415s2008 mx gr 000 0 spa d
040 _aMx-PuUPA
_bspa
_cMx-PuUPA
_dMx-PuUPA
_erda
041 0 _aspa
100 1 _aFraile García, Francisco,
_d1948-
_eautor
_913759
245 1 0 _aBien y de buenas :
_bideario político /
_cFrancisco A. Fraile García ; Héctor Larios Córdova
264 1 _a[Puebla, México?] :
_b[Editor no identificado],
_c2008
300 _a47 páginas ;
_c22 cm
336 _2rdacontent
_atexto
_btxt
337 _2rdamedia
_asin medio
_bn
338 _2rdacarrier
_avolumen
_bnc
600 1 4 _aFraile Garcia, Francisco Antonio,
_d1948
650 7 _2armarc
_aHumanismo
650 7 _2armarc
_aDignidad
651 4 _aMéxico
_xPolítica y gobierno
_ySiglo XXI
700 1 _aLarios Córdova, Héctor,
_eprologuista
942 _2ddc
_cLI
_h320.520972
_iF77
999 _c53141
_d53141